Φορτώνει......

How India sees the world: kautilya to the 21st centuary/

Λεπτομέρειες βιβλιογραφικής εγγραφής
Κύριος συγγραφέας: SARAN, Shyam
Γλώσσα:English
Έκδοση: NewDelhi Juggernaut 2017
LEADER 00498 a2200145 4500
008 190926b xxu||||| |||| 00| 0 eng d
999 |c 186454  |d 186454 
020 |a 9789386228406 
084 |2 cc  |a V2:191.P 
100 |a SARAN, Shyam 
245 |a How India sees the world: kautilya to the 21st centuary/ 
260 |b Juggernaut  |c 2017  |a NewDelhi 
300 |b 312p. 
942 |c GEN 
952 |0 0  |1 0  |4 0  |6 V_2191_P_Q7  |7 0  |9 326349  |a LIB  |b LIB  |d 2018-02-01  |e 1  |g 461.23  |l 2  |o V2:191.P Q7  |p 306209  |r 2020-01-03  |s 2019-12-03  |v 599.00  |y GEN